Most Guessed French Cities - Statistics

General Stats
  • This quiz has been taken 39 times
  • The average score is 15 of 20
Answer Stats
% City % Correct
93 Lyon
100%
90 Nice
100%
99 Paris
100%
93 Marseille
97%
88 Bordeaux
91%
80 Lille
91%
75 Nantes
91%
82 Toulouse
88%
80 Strasbourg
82%
66 Montpellier
74%
65 Rennes
68%
55 Cannes
65%
63 Calais
62%
64 Dijon
62%
54 Grenoble
56%
58 Le Havre
56%
67 Brest
50%
52 Orléans
50%
55 Reims
38%
57 Ajaccio
29%
No matching quizzes found
Score Distribution
Percent of People with Each Score
Percentile by Number Answered
Your Score History
You have not taken this quiz